| 000 | 00630nam a22001937a 4500 | ||
|---|---|---|---|
| 999 |
_c195483 _d195483 |
||
| 005 | 20230329172616.0 | ||
| 010 | _aHIN-124983 | ||
| 020 |
_a9788196086855 _c250.00 |
||
| 035 | _aHN-97329 | ||
| 037 | _bDBAD/PUB | ||
| 082 | _a821 | ||
| 100 | _aसिंह, संदीप | ||
| 245 |
_aदेवी का दास / _cसंदीप सिंह |
||
| 250 | _aपहला | ||
| 260 |
_aकोल्कता _bAsian Press Books _c२०२३ |
||
| 270 | _bकोल्कता | ||
| 300 |
_a101 पृ.; _c23 सेमी(अजिल्द) |
||
| 942 |
_2ddc _cHN _eपहला _h821 _mसंदीप |
||